| 000 | 00754cam a2200241 a 4500 | ||
|---|---|---|---|
| 001 | 000015777 | ||
| 003 | OSt | ||
| 005 | 20200929164141.0 | ||
| 008 | 020408s2002 pr a 000 0 spa d | ||
| 020 | _a1563282143 | ||
| 040 |
_aDO-SdBNP _bspa _cBNPHU |
||
| 082 |
_a070 _bT693a |
||
| 100 | 1 |
_aTorres Márquez, Manuel. _935513 |
|
| 245 | 1 | 0 |
_aAgenda para el nuevo siglo / _cManuel Torres Márquez. |
| 246 | 1 | 0 |
_iSubtitle from cover: _aReflexiones y provocaciones, 1997-2001 |
| 260 |
_aSan Juan, Puerto Rico : _bPlaza Mayor, _c2002. |
||
| 300 |
_a127 p. : _bil. ; _c23 cm. |
||
| 490 | 1 | _aBiblioteca de Autores de Puerto Rico | |
| 650 | 4 |
_aPeriodismo _929 |
|
| 830 |
_aBiblioteca de Autores de Puerto Rico _99722 |
||
| 942 |
_2ddc _cLF1 |
||
| 956 | _aLOPEREZ | ||
| 999 |
_c15324 _d15324 |
||